[Event "18th Bosnjaci Open"]
[Site "Bosnjaci CRO"]
[Date "2013.01.05"]
[Round "4.9"]
[White "Zivkovic,Vj"]
[Black "Babic,Z"]
[Result "1-0"]
[WhiteElo "2380"]
[BlackElo "2193"]

1.e4 c5 2.Nf3 d6 3.Bb5+ Bd7 4.Bxd7+ Qxd7 5.c4 Nc6 6.Nc3 Ne5 7.Nxe5 dxe5 8.Qh5 Qd4
9.d3 g6 10.Qe2 Qd7 11.Be3 e6 12.O-O b6 13.a4 Rd8 14.a5 Bh6 15.axb6 Bxe3 16.bxa7 Ra8
17.Qxe3 Ne7 18.Qxc5 O-O 19.Qxe5 Qxd3 20.Qc7 Nc8 21.e5 Qd4 22.c5 Qb4 23.Ra2 Re8
24.h3 Ne7 25.Qb6 Qf4 26.Re1 Rec8 27.Ra4 Qd2 28.Rd1 Qc2 29.Rad4 Nc6 30.Rd7 Nxe5
31.Rd8+ Kg7 32.Rxc8 Rxc8 33.Qb8 Rxc5 34.a8=Q  1-0

[Event "11th Parsvnath Open"]
[Site "New Delhi IND"]
[Date "2013.01.05"]
[Round "1.29"]
[White "Kayumov,D"]
[Black "Lokesh,P"]
[Result "0-1"]
[WhiteElo "2415"]
[BlackElo "2198"]

1.e4 c5 2.Nf3 d6 3.Bb5+ Bd7 4.Bxd7+ Qxd7 5.O-O Nc6 6.c3 Nf6 7.d4 cxd4 8.cxd4 e6
9.d5 Ne5 10.dxe6 fxe6 11.Nc3 Be7 12.Nd4 O-O 13.Qb3 d5 14.exd5 exd5 15.Bg5 Rad8
16.Rad1 Kh8 17.Rfe1 Nfg4 18.f4 Bxg5 19.fxg5 Qf7 20.Rf1 Qh5 21.h3 Ne3 22.Ne6 Nxf1
23.Nxf8 Ne3 24.Ne6 Re8 25.Re1 Nf3+ 26.gxf3 Qxf3 27.Re2 Qg3+ 28.Kh1 Qxh3+
29.Kg1 Qg3+ 30.Kh1 Qh4+ 31.Kg1 Rxe6 32.Qxb7 Qxg5+ 33.Kf2 Qh4+ 34.Kf3 Qh3+  0-1

[Event "25th Staufer Open"]
[Site "Schwaebisch Gmuend GER"]
[Date "2013.01.05"]
[Round "8.8"]
[White "Kersten,U"]
[Black "Gutman,L"]
[Result "0-1"]
[WhiteElo "2302"]
[BlackElo "2481"]

1.e4 c5 2.Nf3 d6 3.Bb5+ Nc6 4.Bxc6+ bxc6 5.O-O Bg4 6.h3 Bxf3 7.Qxf3 Rc8 8.d3 g6
9.Qe2 Bg7 10.Nc3 Rb8 11.Kh1 Qd7 12.Nd1 Nf6 13.e5 Qe6 14.Re1 dxe5 15.Qxe5 Qxe5
16.Rxe5 Nd5 17.Re4 Bd4 18.c3 f5 19.Rh4 Be5 20.Ra4 Rb7 21.Kg1 Kf7 22.Kf1 Rd8
23.Ra5 Bd6 24.Be3 Nxe3+ 25.fxe3 Bc7 26.Ra6 Rxd3 27.Ke2 Rd6 28.b3 Re6 29.Kf3 c4
30.b4 c5 31.Rxe6 Kxe6 32.a3 a5 33.Rb1 axb4 34.cxb4 cxb4 35.axb4 Be5 36.e4 f4
37.Nf2 Bd4 38.b5 Bxf2 39.Kxf2 Ke5 40.Kf3 g5 41.b6 Kd4  0-1

[Event "11th Parsvnath Open"]
[Site "New Delhi IND"]
[Date "2013.01.07"]
[Round "4.6"]
[White "Kuderinov,K"]
[Black "Vishnu,P"]
[Result "1-0"]
[WhiteElo "2433"]
[BlackElo "2488"]

1.e4 c5 2.Nf3 d6 3.Bb5+ Nd7 4.d4 cxd4 5.Qxd4 a6 6.Be2 e5 7.Qd1 Ngf6 8.Nc3 Be7
9.O-O b5 10.Nd2 O-O 11.Bf3 Nb6 12.a4 b4 13.Ne2 a5 14.c3 bxc3 15.Nxc3 Ba6
16.Re1 Qb8 17.Nf1 Rc8 18.Ne3 Bf8 19.Ng4 Nfd7 20.Be2 Bb7 21.Bb5 Nc5 22.Be3 h5
23.Bxc5 Rxc5 24.Ne3 g6 25.Qd3 Qc7 26.Rad1 Rd8 27.Qe2 Bh6 28.Rd3 Kh7 29.Red1 Bxe3
30.Qxe3 d5 31.exd5 Nxd5 32.Qg5 Kg7 33.Ne4 Rc2 34.Ng3 Kh7 35.Nf5 f6 36.Qh6+ Kg8
37.Qxg6+ Kf8 38.Rg3  1-0

[Event "Paul Keres Mem Prelim"]
[Site "Tallinn EST"]
[Date "2013.01.11"]
[Round "4.3"]
[White "Berzina,I"]
[Black "Malisauskas,V"]
[Result "1-0"]
[WhiteElo "2292"]
[BlackElo "2450"]

1.e4 c5 2.Nf3 d6 3.Bb5+ Bd7 4.Bxd7+ Qxd7 5.O-O Nf6 6.Qe2 Nc6 7.c3 e6 8.d4 cxd4
9.cxd4 d5 10.e5 Ne4 11.Be3 Be7 12.Ne1 f6 13.f3 Ng5 14.Nd3 fxe5 15.Bxg5 Bxg5
16.f4 Bxf4 17.dxe5 Bh6 18.Qh5+ Kd8 19.Nc3 Ne7 20.Kh1 Rc8 21.Rf7 Rc4 22.Raf1 Re8
23.Qd1 Qc6 24.Ne2 Ng6 25.b3 Re4 26.Nf2 Rh4 27.Nd4 Qc3 28.Nxe6+ Kc8 29.Qxd5 Rxh2+
30.Kxh2 Qxe5+ 31.Qxe5 Nxe5 32.Rf8 Rxf8 33.Nxf8 Kc7 34.Rd1 Nc6 35.Nxh7 Nb4
36.a3 Nc2 37.a4 Kb6 38.Ne4 Ka5 39.Rd7 b6 40.Rxa7+ Kb4 41.Nhg5 Kxb3 42.Rb7 Kxa4
43.Rxb6 Ka5 44.Rb2 Nb4 45.g4 Kb5 46.Kg3 Kc4 47.Rxb4+ Kd5 48.Nf7  1-0

[Event "TCh-AUT 2 West 2012-13"]
[Site "Bregenz AUT"]
[Date "2013.01.12"]
[Round "7.6"]
[White "Streiter,G"]
[Black "Lickleder,A"]
[Result "1/2-1/2"]
[WhiteElo "2005"]
[BlackElo "2239"]

1.e4 c5 2.Nf3 d6 3.Bb5+ Bd7 4.Bxd7+ Nxd7 5.d4 cxd4 6.Qxd4 Ngf6 7.Nc3 e6 8.Bg5 Qc7
9.O-O a6 10.a4 b6 11.h3 Be7 12.Rfd1 O-O 13.Qe3 Rfd8 14.Qe2 Qb7 15.e5 dxe5
16.Nxe5 Nxe5 17.Qxe5 Rac8 18.Rxd8+ Rxd8 19.Rd1 Rxd1+ 20.Nxd1 h6 21.Bf4 Qc6
22.Nc3 Nd7 23.Qe4 Qc8 24.Nd5 Bg5 25.Ne3 Nc5 26.Qc4 b5 27.axb5 axb5 28.Qd4 Bxf4
29.Qxf4 Qd7 30.Qb4 Na6  1/2-1/2

[Event "TCh-DEN XtraCon 2012-13"]
[Site "Denmark DEN"]
[Date "2013.01.12"]
[Round "4.5"]
[White "Schou Moldt,T"]
[Black "Wiwe,A"]
[Result "1-0"]
[WhiteElo "2226"]
[BlackElo "2272"]

1.e4 c5 2.Nf3 d6 3.Bb5+ Bd7 4.a4 Nc6 5.O-O Nf6 6.Re1 e6 7.d4 cxd4 8.Nxd4 Be7
9.Nc3 Nxd4 10.Qxd4 a6 11.Be2 O-O 12.Be3 Qc7 13.a5 Rac8 14.Rec1 Bc6 15.Qd3 d5
16.exd5 Nxd5 17.Nxd5 Bxd5 18.c4 Bc6 19.Bb6 Qe5 20.Bf3 Qxb2 21.Bxc6 Rxc6 22.Rab1 Qe5
23.Qd7 Bd6 24.g3 Bc7 25.Re1 Qd6 26.Red1 Qxd7 27.Rxd7 Bxb6 28.axb6 Rb8 29.Rc7 Rd6
30.c5 Rdd8 31.c6 bxc6 32.b7 Kf8 33.Rc1 Ke8 34.R1xc6 a5 35.Ra6 g6 36.Rxa5 h6
37.Rac5 g5 38.g4 Rd1+ 39.Kg2 Rdd8 40.h3  1-0

[Event "Prague Open A 2013"]
[Site "Prague CZE"]
[Date "2013.01.12"]
[Round "5.13"]
[White "Doros,R"]
[Black "Postupa,P2"]
[Result "0-1"]
[WhiteElo "2304"]
[BlackElo "2146"]

1.e4 c5 2.Nf3 d6 3.Bb5+ Bd7 4.Bxd7+ Nxd7 5.O-O Ngf6 6.Qe2 e6 7.b3 Be7 8.Bb2 Qc7
9.c4 O-O 10.Nc3 a6 11.d4 cxd4 12.Nxd4 Rfe8 13.Rfd1 Rac8 14.Rac1 Bf8 15.Qd2 g6
16.f3 Qc5 17.Kh1 Qh5 18.Qf2 Bh6 19.Rc2 d5 20.g4 Qh3 21.cxd5 exd5 22.Nxd5 Nxd5
23.Rxc8 Rxc8 24.exd5 Bf4 25.Qg2 Qh4 26.Qe2 Qh3 27.Ba3 Nf6 28.d6 Rd8 29.Nc2 h5
30.Rd4 g5 31.gxh5 Nxh5 32.Qg2 Qf5 33.Qe2 Be5 34.Re4 Qh3 35.Kg1 Nf4 36.Qf1 Qh8
37.Ne3 Bd4 38.Kh1 Bxe3 39.Rxe3 Qd4 40.Qg1 Qf6 41.Re4 Ne6 42.Qf2 Qf5 43.h4 Kg7
44.hxg5 Nxg5 45.Rg4 f6 46.Kg2 Rh8 47.Bc1 Qh7 48.Kg3 Qh3+ 49.Kf4 Kf7 50.Qe2 Ne6+
51.Ke3 Qh6+ 52.f4 f5 53.Qf3 fxg4 54.Qxb7+ Kg8 55.Qa8+ Nf8  0-1

[Event "TCh-FIN SM 2012-13"]
[Site "Salo FIN"]
[Date "2013.01.12"]
[Round "8.1"]
[White "Neiksans,A"]
[Black "Kulaots,K"]
[Result "1/2-1/2"]
[WhiteElo "2535"]
[BlackElo "2567"]

1.e4 c5 2.Nf3 d6 3.Bb5+ Nd7 4.d4 cxd4 5.Qxd4 a6 6.Bxd7+ Bxd7 7.Bg5 Rc8 8.O-O h6
9.Bh4 Nf6 10.Bxf6 gxf6 11.Nc3 e6 12.Qd3 Qb6 13.Rab1 h5 14.Kh1 Qc5 15.Nd4 b5
16.a3 Qc4 17.Qe3 a5 18.Rfd1 Qc5 19.Qd2 h4 20.h3 Rg8 21.Nb3 Qb6 22.Re1 Rg6
23.Rbd1 b4 24.axb4 Qxb4 25.Qe2 Qb6 26.Ra1 Ra8 27.Ra2 a4 28.Rea1 Qb4 29.Nc1 Bh6
30.Nd3 Qc4 31.Qh5 Ke7 32.f4 Bg7 33.Qxh4 Bc6 34.Qf2 Rh6 35.f5 Rhh8 36.Qe2 Rhc8
37.fxe6 fxe6 38.Qg4 Bh6 39.Qe2 Bg5 40.Re1 Qd4 41.Raa1 Rh8 42.Rad1 Kf7 43.Rf1 Qe3
44.Qxe3 Bxe3 45.Rf3 Bb6 46.Nb4 Be8 47.Rxd6 Bc5 48.Ra6 Rxa6 49.Nxa6 Bd6 50.Rd3 Ke7
51.Rd4 Bd7 52.Nb4 Rc8 53.Nca2 Be5 54.Rd2 Bxb2 55.Kg1 a3 56.Kf2 Bb5 57.Ke3 Bc4
58.c3 Bb5 59.Rc2 Ba4 60.Rd2 Bb5 61.Rc2 Ba4 62.Rd2 Bb5  1/2-1/2

[Event "TCh-FIN SM 2012-13"]
[Site "Tampere FIN"]
[Date "2013.01.13"]
[Round "9.1"]
[White "Kulaots,K"]
[Black "Veingold,A"]
[Result "1-0"]
[WhiteElo "2567"]
[BlackElo "2470"]

1.e4 c5 2.Nf3 d6 3.Bb5+ Nc6 4.O-O Bd7 5.Re1 Nf6 6.c3 a6 7.Bf1 Bg4 8.h3 Bxf3
9.Qxf3 g6 10.d3 Bg7 11.Be3 O-O 12.Nd2 Rc8 13.Qd1 e5 14.g3 b5 15.a4 b4 16.a5 bxc3
17.bxc3 Nxa5 18.Qa4 Nc6 19.Qxa6 Qc7 20.Reb1 Rb8 21.Be2 Rxb1+ 22.Rxb1 Rb8
23.Rxb8+ Nxb8 24.Qa8 Nd7 25.Nc4 Nb6 26.Qa5 N8d7 27.Bd1 Qb8 28.Bb3 Nxc4 29.Bxc4 Nb6
30.Qb5 Qd8 31.Bg5 Qc7 32.Qe8+ Bf8 33.Bd8 Qd7 34.Qxd7  1-0

[Event "Paul Keres Mem FIDE 2013"]
[Site "Tallin EST"]
[Date "2013.01.14"]
[Round "2.5"]
[White "Fedoseeva,V"]
[Black "Malinin,Y"]
[Result "1-0"]
[WhiteElo "1930"]
[BlackElo "2282"]

1.e4 c5 2.Nf3 d6 3.Bb5+ Nc6 4.Bxc6+ bxc6 5.O-O e5 6.d3 Be7 7.Nbd2 f5 8.c3 Nf6
9.Re1 fxe4 10.dxe4 Bg4 11.Nf1 Qd7 12.h3 Bh5 13.Ng3 Bg6 14.Nh4 Bf7 15.Nhf5 Bf8
16.Bg5 Ng8 17.Qe2 h6 18.Bc1 g6 19.Ne3 Bg7 20.Nc4 Qe6 21.b3 Rd8 22.Bb2 Nf6
23.Rad1 O-O 24.Na5 Qc8 25.Rd2 d5 26.exd5 cxd5 27.Qb5 Be8 28.Qb7 e4 29.c4 dxc4
30.Qxc8 Rxc8 31.Nxc4 Bc6 32.Ne5 Be8 33.Nxe4 Nxe4 34.Rxe4 Rc7 35.Nc4 Bf7 36.Bxg7 Kxg7
37.f3 Re8 38.Rxe8 Bxe8 39.Kf2 g5 40.Rd8 Bf7 41.Nd6 Bg6 42.Ne8+ Bxe8 43.Rxe8 Kf6
44.Re4 Rd7 45.Ke2 Rd6 46.Rc4 Ra6 47.a4 Rc6 48.Kd3 Ke5 49.Re4+ Kd5 50.Re8 Rd6
51.Rc8 Rf6 52.Rc7 a6 53.Re7 Rb6 54.Kc3 Rd6 55.Re3 Rf6 56.Re1 Rf4 57.Re8 Rf6
58.Rd8+ Kc6 59.Ra8 Kb7 60.Re8 Kc6 61.Kc4 Rf4+ 62.Re4 Rf6 63.h4 gxh4 64.Rxh4 Rg6
65.Rh5 Kb6 66.f4 Rf6 67.g3 Rg6 68.Rh4 Rf6 69.Rg4 Rd6 70.f5 Rf6 71.Rg6  1-0

[Event "75th Tata Steel GpB"]
[Site "Wijk aan Zee NED"]
[Date "2013.01.14"]
[Round "3.7"]
[White "Edouard,R"]
[Black "Van Kampen,R"]
[Result "1-0"]
[WhiteElo "2686"]
[BlackElo "2581"]

1.e4 c5 2.Nf3 d6 3.Bb5+ Nc6 4.O-O Bd7 5.Re1 Nf6 6.c3 a6 7.Bf1 Bg4 8.h3 Bxf3
9.Qxf3 e6 10.d3 Be7 11.Nd2 O-O 12.Qd1 d5 13.e5 Nd7 14.Nf3 b5 15.Bf4 Rb8 16.b3 Nb6
17.g3 a5 18.a4 bxa4 19.bxa4 Nd7 20.h4 Rb2 21.c4 dxc4 22.dxc4 Nb6 23.Qc1 Nd4
24.Nxd4 Qxd4 25.Be3 Qxe5 26.Bxc5 Qf6 27.Be3 Nd7 28.Rb1 Rxb1 29.Qxb1 Bb4 30.Bg5 Qd4
31.Rd1 Qa7 32.Qe4 Nc5 33.Qg4 f6 34.Be3 Qe7 35.Qf3 Nxa4 36.Qc6 Nc5 37.Rd6 Qa7
38.Rxe6 a4 39.Qb5 Ba3 40.Rc6 Rb8 41.Bxc5  1-0

[Event "Dvorkovich Mem 2013"]
[Site "Taganrog RUS"]
[Date "2013.01.16"]
[Round "2.17"]
[White "Travkina,A"]
[Black "Popov,Iv RUS"]
[Result "0-1"]
[WhiteElo "2196"]
[BlackElo "2623"]

1.e4 c5 2.Nf3 d6 3.Bb5+ Nd7 4.d4 cxd4 5.Qxd4 a6 6.Bc4 Ngf6 7.Be3 b5 8.Bb3 Bb7
9.Nc3 Nc5 10.e5 Nxb3 11.axb3 dxe5 12.Qxe5 Ng4 13.Qf4 Nxe3 14.Qxe3 e6 15.O-O Qc7
16.Rfd1 Bc5 17.Qe5 Qxe5 18.Nxe5 f6 19.Nf7 O-O 20.Nd6 Bc6 21.Nce4 Bb6 22.c4 bxc4
23.bxc4 a5 24.c5 Bc7 25.Nd2 Rfb8 26.N2c4 Rb4 27.h3 a4 28.Rdc1 Kf8 29.Ra3 Bd5
30.Rac3 Ra6 31.Nb6 Raxb6 32.cxb6 Bxd6 33.Rc7 Rxb6 34.Rd7 Ke8 35.Rxg7 Rc6
36.Ra1 Be5 37.f4 Bd4+ 38.Kh2 Bb3 39.Rf1 Bxb2 40.Rf3 Rc3 41.Rf2 a3 42.Rd2 Bd5
43.Ra7 Bc1  0-1

[Event "73rd ch-ARM 2013"]
[Site "Yerevan ARM"]
[Date "2013.01.16"]
[Round "5.2"]
[White "Hovhannisyan,R"]
[Black "Kotanjian,T"]
[Result "1-0"]
[WhiteElo "2615"]
[BlackElo "2518"]

1.e4 c5 2.Nf3 d6 3.Bb5+ Bd7 4.Bxd7+ Qxd7 5.O-O Nf6 6.e5 dxe5 7.Nxe5 Qc8 8.Qf3 Nbd7
9.Nc4 b5 10.Na5 e6 11.Nc3 b4 12.Nb5 Nd5 13.c4 bxc3 14.Nxc3 N7b6 15.Qg3 Qb8
16.Qg4 Bd6 17.Nxd5 Nxd5 18.Qa4+ Kf8 19.Qh4 Qd8 20.Qxd8+ Rxd8 21.b3 Nb4 22.Rd1 Nd3
23.Rb1 Rd7 24.Bb2 f5 25.Nc4 Kf7 26.Bc3 Rc8 27.g3 Bb8 28.Nb2 e5 29.Nxd3 Rxd3
30.Re1 e4 31.b4 c4 32.b5 Ke6 33.b6 axb6 34.Rxb6+ Bd6 35.a4 Rb8 36.a5 Rxb6
37.axb6 Bb8 38.Rb1 g6 39.b7 Rd7 40.Rb5 Rd5 41.Rb4 Rd7 42.Rb5 Kd6 43.Be5+ Kc6
44.Bxb8  1-0

[Event "TCh-AUT 2012-13"]
[Site "Graz AUT"]
[Date "2013.01.17"]
[Round "4.2"]
[White "Rozentalis,E"]
[Black "Socko,B"]
[Result "1/2-1/2"]
[WhiteElo "2592"]
[BlackElo "2617"]

1.e4 c5 2.Nf3 d6 3.Bb5+ Bd7 4.Bxd7+ Qxd7 5.c4 Nf6 6.Nc3 g6 7.d4 cxd4 8.Nxd4 Bg7
9.b3 Nc6 10.Bb2 O-O 11.O-O a6 12.Nd5 Nxd5 13.exd5 Nxd4 14.Bxd4 Bxd4 15.Qxd4 b5
16.Rfe1 Rfc8 17.Re4 bxc4 18.bxc4 Qa7 19.Qd2 Rab8 20.Rae1 Rc7 21.h4 Rbb7 22.h5 Qb8
23.hxg6 hxg6 24.Rh4 Rb1 25.Rxb1 Qxb1+ 26.Kh2 Qf5 27.g3 g5 28.Rd4 Rb7 29.Kg2 Rb1
30.Qe3 Kf8 31.Qe2 Qh7 32.Rd1 Rxd1 33.Qxd1 Qe4+ 34.Kh2 Qxc4 35.Qh5 Qd4 36.Kg1 Qa1+
37.Kg2 Qe5 38.Qf3 a5 39.Qd3 Kg7 40.a4 e6 41.dxe6 Qxe6 42.Qb5 Qe5 43.f4 gxf4
44.gxf4 Qc5 45.Kf3 Kf6 46.Qd7 Qb6 47.Kg4 Qg1+ 48.Kf3 Qd1+ 49.Ke3 Qd5 50.Kf2 Qd2+
51.Kf3 Qd3+ 52.Kf2 Kg7 53.Qb5 Qd2+ 54.Kf3 d5 55.Kg3 Kh6 56.Qb6+ Kg7 57.Qb5 Qe3+
58.Kg4 Qe6+ 59.Kg3 Qg6+ 60.Kf3 Qe4+ 61.Kg3 Qe1+ 62.Kg2 Qd2+ 63.Kg3  1/2-1/2

[Event "Dvorkovich Mem 2013"]
[Site "Taganrog RUS"]
[Date "2013.01.17"]
[Round "3.4"]
[White "Lugovskoy,M"]
[Black "Smirnov,P"]
[Result "1/2-1/2"]
[WhiteElo "2366"]
[BlackElo "2610"]

1.e4 c5 2.Nf3 d6 3.Bb5+ Nd7 4.d4 cxd4 5.Qxd4 a6 6.Bxd7+ Bxd7 7.c4 b5 8.b3 e5
9.Qd3 bxc4 10.bxc4 Rc8 11.Nc3 Qc7 12.Nd2 Nf6 13.O-O Be7 14.Nd1 O-O 15.Ne3 Rfd8
16.Bb2 Bc6 17.Rab1 Nh5 18.g3 Bg5 19.Nd5 Bxd5 20.cxd5 Bxd2 21.Qxd2 Qc4 22.f3 Qxa2
23.Bc3 Qxd2 24.Bxd2 f5 25.Rb7 fxe4 26.fxe4 Nf6 27.Bg5 Rd7 28.Rxd7 Nxd7 29.Be7 Rc4
30.Re1 a5 31.Bxd6 a4 32.Kg2 Rc2+ 33.Kf3 Rxh2 34.Rc1 Rh6 35.Rc6 Kf7 36.Ke3 Rf6
37.Kd3 h5 38.Kc4 g5 39.Bb4 Rxc6+ 40.dxc6 Nb6+ 41.Kb5 Nc8 42.Kxa4 Ke6 43.Kb3 Na7
44.c7 Kd7 45.Kc4 Nc6 46.Bd2 g4 47.Bc3 Kxc7 48.Kc5 Kb7 49.Kd5 Kb6 50.Kd6 Kb5
51.Kd5 h4 52.gxh4 g3 53.Be1 g2 54.Bf2 Nb4+ 55.Kd6 Kc4 56.h5 Nd3 57.Bg1 Nf4
58.h6 Nh3 59.h7 Ng5 60.Kxe5 Nxh7  1/2-1/2

[Event "Dvorkovich Mem 2013"]
[Site "Taganrog RUS"]
[Date "2013.01.17"]
[Round "3.24"]
[White "Kovalchuk,Al RUS"]
[Black "Zakharov,AI"]
[Result "1-0"]
[WhiteElo "2235"]
[BlackElo "2388"]

1.e4 c5 2.Nf3 d6 3.Bb5+ Bd7 4.Bxd7+ Nxd7 5.O-O Ngf6 6.Qe2 Qc7 7.b3 g6 8.Bb2 Bg7
9.c4 O-O 10.d4 cxd4 11.Nxd4 a6 12.Nc3 Rac8 13.Rad1 e6 14.f4 Rfe8 15.Kh1 Qa5
16.Qd2 Qh5 17.Nf3 Nc5 18.e5 dxe5 19.Nxe5 Qf5 20.Qe3 h5 21.b4 Nce4 22.Ne2 Red8
23.Nd4 Ng4 24.Nxg4 Qxg4 25.Qxe4 Rxc4 26.h3 Qh4 27.Qe2 Rxb4 28.Nf3 Rxd1 29.Nxh4 Rxf1+
30.Qxf1 Rxb2 31.Qc4 a5 32.Nf3 b5 33.Qc8+ Kh7 34.Ng5+  1-0

[Event "5th Chennai Open 2013"]
[Site "Chennai IND"]
[Date "2013.01.18"]
[Round "2"]
[White "Jayakumar,P"]
[Black "Sethuraman,S"]
[Result "0-1"]
[WhiteElo "2137"]
[BlackElo "2556"]

1.e4 c5 2.Nf3 d6 3.Bb5+ Nd7 4.O-O a6 5.Bd3 Ngf6 6.c3 b5 7.Bc2 Bb7 8.Qe2 e5
9.Rd1 Qc7 10.a4 Be7 11.axb5 axb5 12.Rxa8+ Bxa8 13.Na3 b4 14.Nb5 Qb8 15.cxb4 Bc6
16.Na3 Qxb4 17.Nc4 O-O 18.d3 Qb8 19.h3 Re8 20.Na5 Ba8 21.Ba4 Qb4 22.Bxd7 Nxd7
23.Nc4 Bc6 24.Bg5 Bf8 25.Bd2 Qb8 26.Bc3 Qa8 27.Nh4 g6 28.Qg4 Nf6 29.Qg5 Qa4
30.Ne3 Bg7 31.Rf1 h6 32.Qg3 Nh5 33.Qg4 Nf4 34.Nc4 Rd8 35.Qf3 Bb5 36.Qd1 Nxd3
37.Qxa4 Bxa4 38.Ra1 Bc6 39.f3 d5 40.exd5 Bxd5 41.Ne3 Be6 42.g4 Nf4 43.Kh2 Ne2
44.Rd1 Rxd1 45.Nxd1 Bb3 46.Nf2 Nxc3 47.bxc3 Kf8 48.Ne4 c4 49.Kg3 Ke7 50.Kf2 Ke6
51.g5 Bc2 52.Ng2 hxg5 53.Ne3 Bd3 54.Nxg5+ Ke7 55.Nd5+ Kd6 56.Nb4 f5 57.Nxd3 cxd3
58.Ke3 Bh6 59.f4 exf4+  0-1

[Event "Paul Keres Mem IM 2013"]
[Site "Tallin EST"]
[Date "2013.01.18"]
[Round "8.4"]
[White "Belenkaya,D"]
[Black "Agopov,M"]
[Result "0-1"]
[WhiteElo "2200"]
[BlackElo "2429"]

1.e4 c5 2.Nf3 d6 3.Bb5+ Nc6 4.O-O Nf6 5.Re1 Bd7 6.h3 a6 7.Bf1 Ne5 8.c3 Nxf3+
9.Qxf3 Bc6 10.d4 d5 11.e5 Ne4 12.Qe3 e6 13.f3 Ng3 14.Bd3 cxd4 15.cxd4 h5
16.Qf4 h4 17.Qg4 Bb5 18.Bxb5+ axb5 19.Bg5 Qa5 20.Nd2 Nf5 21.Nb3 Qb6 22.Rec1 Kd7
23.Rc2 Ra4 24.Rac1 Rc4 25.Kh2 Bb4 26.a3 Be1 27.Nc5+ Ke8 28.Nb3 Bg3+ 29.Kh1 Qc7
30.Na1 Kd7 31.Bd2 Rc8 32.Qh5 Ke8 33.Qh8+ Ke7 34.Bb4+ Kd7 35.Qh5 Nh6 36.Qg5 Qd8
37.Rxc4 Rxc4 38.Rxc4 Qxg5 39.Rc5 Nf5 40.Nc2 Qc1+ 41.Ne1 Qd1 42.Ba5 b6  0-1

[Event "TCh-CAT Div Hon 2013"]
[Site "Catalonia ESP"]
[Date "2013.01.19"]
[Round "1.2"]
[White "Jerez Perez,A"]
[Black "Fluvia Poyatos,Joa"]
[Result "0-1"]
[WhiteElo "2410"]
[BlackElo "2499"]

1.e4 c5 2.Nf3 d6 3.Bb5+ Bd7 4.Bxd7+ Qxd7 5.O-O Nc6 6.c3 Nf6 7.d4 Nxe4 8.d5 Ne5
9.Nxe5 dxe5 10.Re1 Nd6 11.Rxe5 h6 12.Bf4 g5 13.Bg3 Bg7 14.Re1 O-O 15.Na3 Nf5
16.Qf3 Rad8 17.Rad1 b5 18.Nc2 a5 19.Ne3 Nxg3 20.hxg3 f5 21.Nc2 f4 22.g4 h5
23.gxh5 g4 24.Qe4 Rf5 25.d6 e5 26.Qd5+ Kf8 27.Qxc5 Rxh5 28.Qc7 Bf6 29.Qxd7 Rxd7
30.Rd3 Ke8 31.Kf1 Rdh7 32.Ke2 Kd7 33.Rd5 e4 34.Rxh5 Rxh5 35.Kd1 Rd5+ 36.Kc1 f3
37.gxf3 exf3 38.Ne3 Bg5 39.Kc2 Re5 40.Kd3 g3  0-1

[Event "5th Chennai Open 2013"]
[Site "Chennai IND"]
[Date "2013.01.19"]
[Round "7"]
[White "Siddharth,R"]
[Black "Siva Mahadevan"]
[Result "1/2-1/2"]
[WhiteElo "2372"]
[BlackElo "1904"]

1.e4 c5 2.Nf3 d6 3.Bb5+ Bd7 4.Bxd7+ Qxd7 5.O-O Nc6 6.c3 Nf6 7.Re1 e6 8.d4 cxd4
9.cxd4 d5 10.e5 Ne4 11.Nbd2 Nxd2 12.Bxd2 Be7 13.Rc1 O-O 14.Qb3 Rac8 15.Rc2 Rc7
16.Rec1 Rfc8 17.Qd3 Nb8 18.Rxc7 Rxc7 19.Bc3 Qc8 20.g4 Nd7 21.Re1 Nb6 22.Ba5 Rc6
23.b3 Nd7 24.Bd2 Nf8 25.h4 Rc2 26.a4 b6 27.h5 a5 28.Qb5 Qc6 29.Qxc6 Rxc6
30.Rc1 Rxc1+ 31.Bxc1 Nd7 32.Kf1 Nb8 33.Ke2 Nc6 34.Be3 Kf8 35.Kd3 Nb4+ 36.Kd2 Nc6
37.Ng1 Ke8 38.f4 Na7 39.Nf3 b5 40.axb5 Nxb5 41.Kd3 Na7 42.f5 Nc6 43.Bd2 Bd8
44.h6 g6 45.f6 Kf8 46.Bc3 Bb6 47.Ne1 Na7 48.Nc2 Nb5 49.Be1 Ke8 50.Bd2 Kf8
51.Bc1 Ke8 52.Bb2 Kd7 53.Ba3 Ke8 54.Bc1 Kd7 55.Bd2 Ke8 56.Bc1 Kf8 57.Ne1 Ke8
58.Nf3 Kf8 59.Ng5 Kg8 60.Nh3 Kf8 61.Bb2 Kg8 62.Nf2 Kf8 63.Nd1 Ke8 64.Bc3 Kd7
65.Ne3 Ke8 66.Nc2 Kd7 67.Bb2 Ke8 68.Ne1 Kf8 69.Nf3 Kg8 70.Ng5 Ba7 71.Bc3 Bb6  1/2-1/2

[Event "TCh-AUT 2012-13"]
[Site "Graz AUT"]
[Date "2013.01.19"]
[Round "6.2"]
[White "Rozentalis,E"]
[Black "Kraemer,Mart"]
[Result "1/2-1/2"]
[WhiteElo "2592"]
[BlackElo "2520"]

1.e4 c5 2.Nf3 d6 3.Bb5+ Nd7 4.O-O a6 5.Bd3 Ngf6 6.Re1 e5 7.a4 Be7 8.c3 Nf8
9.Bc4 Ng6 10.d4 b6 11.Bg5 O-O 12.Nbd2 cxd4 13.cxd4 h6 14.Bxf6 Bxf6 15.Bd5 Rb8
16.dxe5 Nxe5 17.Nxe5 Bxe5 18.Nc4 b5 19.axb5 Rxb5 20.Qe2 Qf6 21.Ra2 Bd4 22.Rd1 Bc5
23.Raa1 Rb4 24.h3 Re8 25.Ra3 Rxb2 26.Qxb2 Qxb2 27.Nxb2 Bxa3 28.Nd3 Re7 29.Rb1 Rc7
30.Rb8 g6 31.Bb7 Rxb7 32.Rxc8+ Kg7 33.Kf1 a5 34.Ra8 Bb4 35.Ra6 Kf8 36.Ke2 Ke7
37.Nf4 Kd7 38.f3 Rc7 39.Kd1 Rc6 40.Ra7+ Rc7 41.Ra6 Rc3 42.Ra7+ Ke8 43.Ra8+ Kd7
44.Ra7+ Kc6 45.Rxf7 g5 46.Nd5 Rd3+ 47.Kc2 Rd2+ 48.Kb3 Bc5 49.g3 Rd3+ 50.Kc4 Rd4+
51.Kc3 a4 52.Rc7+ Kb5 53.Rb7+ Kc6 54.Rc7+ Kb5 55.Rb7+ Kc6  1/2-1/2

[Event "TCh-SVK Extraliga 2012-13"]
[Site "Slovakia SVK"]
[Date "2013.01.19"]
[Round "5.3"]
[White "Mokos,J"]
[Black "Cernousek,L"]
[Result "1-0"]
[WhiteElo "2247"]
[BlackElo "2434"]

1.e4 c5 2.Nf3 d6 3.Bb5+ Nd7 4.O-O a6 5.Bd3 g6 6.c3 Bg7 7.Bc2 e5 8.d4 exd4
9.cxd4 cxd4 10.Nxd4 Ngf6 11.Nc3 O-O 12.Bg5 Re8 13.Qd2 b5 14.Nc6 Qc7 15.Nb4 Bb7
16.Bb3 Nxe4 17.Nxe4 Bxe4 18.Nd5 Bxd5 19.Bxd5 Rac8 20.Rac1 Qb8 21.Rxc8 Rxc8
22.Re1 Nb6 23.Re7 Rf8 24.Rb7 Qe8 25.Rxb6 Bd4 26.Rxd6 Bxb2 27.Rd8 Qe5 28.Rxf8+ Kxf8
29.Bh6+ Ke7 30.Qe3 f6 31.Bf4 Qxe3 32.Bxe3 Kd6 33.Bg8 h6 34.Kf1 a5 35.Ke2 a4
36.Kd1 b4 37.Kc2 Be5 38.Bxh6 b3+ 39.axb3 axb3+ 40.Bxb3 Bxh2 41.Kd3 Be5 42.Bf8+  1-0

[Event "5th Chennai Open 2013"]
[Site "Chennai IND"]
[Date "2013.01.20"]
[Round "8"]
[White "Niraj,S"]
[Black "Ramakrishna,J"]
[Result "0-1"]
[WhiteElo "1994"]
[BlackElo "2224"]

1.e4 c5 2.Nf3 d6 3.Bb5+ Nd7 4.O-O a6 5.Bxd7+ Bxd7 6.d4 cxd4 7.Qxd4 e5 8.Qd3 Be7
9.b3 Bc6 10.c4 f5 11.Nc3 Nf6 12.Ng5 fxe4 13.Ngxe4 Nxe4 14.Nxe4 d5 15.cxd5 Qxd5
16.Qxd5 Bxd5 17.Nc3 Bc6 18.Re1 O-O-O 19.Rd1 Bc5 20.Be3 Bd4 21.Bxd4 exd4 22.Na4 Rhe8
23.Rd2 Bxa4 24.bxa4 d3 25.f3 Re2 26.Rad1 Kc7 27.Rxd3 Rxd3 28.Rxd3 Rxa2 29.Re3 Rxa4
30.Re7+ Kc6 31.Rxg7 b5 32.Kf2 b4 33.Ke2 b3 34.Kd2 Rc4 35.Rg8 Rb4 36.Kc1 a5
37.Rc8+ Kd5 38.Kb2 a4 39.Rd8+ Kc4 40.Rd2 Rb7 41.Re2 a3+ 42.Kb1 a2+ 43.Kb2 Rd7
44.Re4+ Kd3 45.Ra4 Rd4 46.Ra5 Kc4 47.Ra4+ Kc5 48.Ra7 Rd1 49.f4 Rb1+  0-1

[Event "5th Chennai Open 2013"]
[Site "Chennai IND"]
[Date "2013.01.20"]
[Round "8"]
[White "Prasanna,Ra"]
[Black "Lu Shanglei"]
[Result "0-1"]
[WhiteElo "2419"]
[BlackElo "2526"]

1.e4 c5 2.Nf3 d6 3.Bb5+ Nd7 4.d4 a6 5.Bxd7+ Bxd7 6.dxc5 dxc5 7.Nc3 e6 8.Bf4 Ne7
9.Bd6 Ng6 10.Bxf8 Rxf8 11.Qd6 Rc8 12.O-O-O Qc7 13.Qd3 Ke7 14.h4 Rfd8 15.h5 Qf4+
16.Qd2 Qxd2+ 17.Rxd2 Nf8 18.Rh3 b5 19.Ne5 Be8 20.Rg3 g6 21.hxg6 hxg6 22.Rgd3 Rxd3
23.Rxd3 f6 24.Ng4 Bc6 25.Re3 Rd8 26.Ne2 Bb7 27.e5 f5 28.Nf6 Bxg2 29.Nf4 Bf1
30.Rg3 Kf7 31.c3 b4 32.Rg1 Bb5 33.Nh3 bxc3 34.bxc3 Rd3 35.Ng5+ Ke7 36.Ng8+ Kd8
37.Rd1 Rxd1+ 38.Kxd1 Bc4 39.Nf7+ Kc7 40.a3 Nd7 41.f4 Nb6 42.Nf6 Bb3+ 43.Kc1 a5
44.Nh8 a4 45.Nxg6 Nc4 46.Nf8 Nxa3 47.Ne8+ Kc6 48.Ng7 Nc2 49.Ngxe6 a3 50.Nd8+ Kb6  0-1

[Event "TCh-AUT 2012-13"]
[Site "Graz AUT"]
[Date "2013.01.20"]
[Round "7.5"]
[White "Ennsberger,U"]
[Black "Postl,A"]
[Result "0-1"]
[WhiteElo "2368"]
[BlackElo "2259"]

1.e4 c5 2.Nf3 d6 3.Bb5+ Nd7 4.d4 cxd4 5.Qxd4 Nf6 6.Bg5 a6 7.Bxd7+ Bxd7 8.Nc3 e6
9.O-O-O Be7 10.e5 dxe5 11.Nxe5 Bc6 12.Nxc6 bxc6 13.Qc4 Qc7 14.Bf4 Qb7 15.Bd6 O-O
16.Bxe7 Qxe7 17.Qxc6 Rfc8 18.Qf3 Rab8 19.Rd3 Qb4 20.b3 a5 21.Kb2 a4 22.Rhd1 axb3
23.axb3 h6 24.Ra1 Qc5 25.Qe2 Rb7 26.Ra4 Nd7 27.Qe3 Qc6 28.Rg4 Nf6 29.Rg3 Kh7
30.Qe5 Ra8 31.Rxg7+ Kxg7 32.Rg3+ Kh7 33.Qxf6 Rg8 34.Rxg8 Kxg8 35.Qd8+ Kg7
36.Qd4+ Kh7 37.Qe4+ Qxe4 38.Nxe4 Kg6 39.c4 Rd7 40.Kc2 Kf5 41.Nc3 e5 42.c5 Ke6
43.Nb5 Rb7 44.Nd6 Rb4 45.Kc3 Rf4 46.f3 Kd5 47.b4 f5 48.h3 h5 49.Kd3 h4 50.Ke3 Rxb4
51.Nxf5 Kxc5 52.g4 hxg3 53.Nxg3 Rh4 54.Ne4+ Kc4 55.Ng5 Kd5 56.Ne4 Rxh3 57.Nf6+ Ke6
58.Ne4 Rh1 59.Kf2 Rd1 60.Nc3 Ra1 61.Ne4 Kf5 62.Kg3 Rd1 63.Nc5 Rg1+ 64.Kf2 Rc1
65.Nd3 Ra1 66.Ke3 Ra2 67.Nf2 Ra3+ 68.Nd3 Rc3 69.Kd2 Rb3 70.Ke3 Ra3 71.Ke2 Ke6
72.Nc5+ Kd5 73.Ne4 Kd4 74.Kf2 Ra8 75.Nf6 Kd3 76.Ne4 Ra2+ 77.Kg3 Ke3 78.Kg4 Rg2+
79.Kf5 Kxf3 80.Nf6 Re2 81.Nh7  0-1

[Event "TCh-SVK Extraliga 2012-13"]
[Site "Slovakia SVK"]
[Date "2013.01.20"]
[Round "6.6"]
[White "Bokros,A"]
[Black "Ftacnik,L"]
[Result "1/2-1/2"]
[WhiteElo "2458"]
[BlackElo "2547"]

1.e4 c5 2.Nf3 d6 3.Bb5+ Nd7 4.O-O Nf6 5.Re1 a6 6.Bf1 b6 7.c4 e6 8.Nc3 Be7
9.d4 cxd4 10.Nxd4 Bb7 11.f3 O-O 12.Be3 Rc8 13.Rc1 Qc7 14.Qd2 Qb8 15.b3 Bd8
16.Kh1 Bc7 17.Qf2 Rfe8 18.Qh4 Ne5 19.Bg5 Ng6 20.Qh3 Nd7 21.Be3 h6 22.Bd3 Qa8
23.Bf1 Nf6 24.a4 Bb8 25.Rcd1 Rc5 26.g3 Rh5 27.Qg2 d5 28.exd5 exd5 29.Nxd5 Nxd5
30.cxd5 Bxd5 31.Bc4 Bb7 32.Kg1 Bd6 33.Qf2 Bb4 34.Bd2 Bxd2 35.Rxd2 Rhe5 36.Rde2 Qc8
37.f4 Rxe2 38.Rxe2 Rxe2 39.Qxe2 Kf8 40.Kf1 Qd7 41.Qd2 Kg8 42.Ke1 Ne7 43.Qe3  1/2-1/2